Introduction to artificial intelligence (Record no. 201921)

MARC details
000 -LEADER
fixed length control field 00399nam a2200145Ia 4500
008 - FIXED-LENGTH DATA ELEMENTS--GENERAL INFORMATION
fixed length control field 231221s9999 xx 000 0 und d
041 ## - LANGUAGE CODE
Language code of text/sound track or separate title English
082 ## - DEWEY DECIMAL CLASSIFICATION NUMBER
Classification number 001.535 CHA
100 ## - MAIN ENTRY--PERSONAL NAME
Personal name Charniak, Eugene McDermott, Drew
245 #0 - TITLE STATEMENT
Title Introduction to artificial intelligence
260 ## - PUBLICATION, DISTRIBUTION, ETC.
Date of publication, distribution, etc. 1985
Name of publisher, distributor, etc. Pearson Education
Place of publication, distribution, etc. Delhi
300 ## - PHYSICAL DESCRIPTION
Extent xvii+701
650 ## - SUBJECT ADDED ENTRY--TOPICAL TERM
Topical term or geographic name entry element artificial,intelligence
942 ## - ADDED ENTRY ELEMENTS (KOHA)
Koha item type College Library
Holdings
Date last seen Total checkouts Full call number Accession number Cost, total (INR) price Price effective from Category Lost status Damaged status Department Withdrawn status Home library Current library Shelving location Entry date Vendor Cost, normal purchase price Grants Billnumber Billdate Currency symbol Conversion rate Discount Old discount
26/01/2024   001.535 CHA BC56 260.00 26/01/2024 College Library     BCA   Central Library Central Library BCA   Sapna Book House 325.00 BCA 26058 28/07/2009 RS 1 65 20

© For any Suggestions or Query, please contact the library staff @ librarian@pes.edu or Phone: +9180 2672 1983/ 2108.